000 00352nam a2200157Ia 4500
005 20250423101748.0
008 250422s9999 xx 000 0 und d
020 _a0-88162-335-0
100 _aRight Hon
245 0 _aYES PREME MINSTER
260 _bSalem House
260 _c1986
300 _a391 p
650 _aschool discipline
942 _cBK
999 _c37202
_d37202